Datum a čas kvízu
31.5
Celkem bodů
Celkový počet nahraných bodů na tomto kvízu bez doplňovacích otázek.
5.
Pořadí na kvízu
Konečné umístění týmu na tomto kvízu.
Zaznamenané odpovědi
| # | Otázka | Odpověď | Body | Výsledky |
|---|---|---|---|---|
| 1. | Policie prověřuje bývalého šéf... | Robert Šlachta | 0 | |
| 2. | V kalifornském Údolí smrti byl... | 54 °C | 0 | |
| 3. | Stanice CNN Prima News, která... | Markéta Fialová | 0 | |
| 4. | Potravinářská společnost Knorr... | Cikánská omáčka | 1 | |
| 5. | Jeden český hokejový klub zmod... | Dynamo Pardubice | 1 | |
| 6. | Začneme u nás, konkrétně pohád... | Radúz a Mahulena | 1 | |
| 7. | Jak se jmenují tři sestry ve s... | C | 0 | |
| 8. | William Shakespeare pochopitel... | Oscar Wilde | 1 | |
| 9. | Divadelní hry se samozřejmě ne... | Jiráskův Hronov | 0 | |
| 10. | Jak se jmenuje veleúspěšná hra... | Hrdý Budžes | 1 |